|
|
|
|
| LEADER |
00000nab a2200000 a 4500 |
| 001 |
vtls000851972 |
| 003 |
SK-MaSNL |
| 005 |
20260304130320.0 |
| 008 |
250429c2003 xo 0 slo |
| 015 |
|
|
|a SNBRB2003/11-32941
|
| 035 |
|
|
|a CLN000203627
|
| 035 |
|
|
|a urn:nbn:sk:snk-abr4l
|
| 035 |
|
|
|a (urnnbn)urn:nbn:sk:snk:ar-a03xjx
|
| 035 |
|
|
|a (uuid)1d532f3c-42b4-4e19-a0dd-4be725dead27
|
| 040 |
|
|
|a SNKBUCL
|b slo
|c SNKBUCL
|e AACR2
|
| 041 |
0 |
|
|a slo
|
| 044 |
|
|
|a xo
|c SK
|
| 080 |
|
|
|a 342.537.3:614.2
|2 1997
|
| 100 |
1 |
|
|a Škodler, Ondrej
|4 aut
|9 845572
|
| 245 |
1 |
0 |
|a Najzásadnejšie pripomienky k návrhom zákona
|c Ondrej Škodler
|
| 650 |
0 |
7 |
|a zákonodarstvo
|x trendy
|2 MESH
|9 1329162
|
| 650 |
0 |
7 |
|a poistenie zdravotné
|x zákonodarstvo a právna veda
|x ekonomika
|2 MESH
|9 1330446
|
| 650 |
0 |
7 |
|a poisťovne zmluvné
|x zákonodarstvo a právna veda
|x ekonomika
|2 MESH
|9 1440990
|
| 650 |
0 |
7 |
|a poskytovanie zdravotníckej starostlivosti
|x zákonodarstvo a právna veda
|x organizácia a riadenie
|2 MESH
|9 1428301
|
| 650 |
0 |
7 |
|a expertíza odborná, zdravotníckej starostlivosti
|x zákonodarstvo a právna veda
|2 MESH
|9 1440209
|
| 650 |
0 |
7 |
|a audit riadenia
|2 MESH
|9 1428315
|
| 655 |
|
7 |
|a články z novín a časopisov
|2 snkbucl
|9 267496
|
| 773 |
0 |
|
|t Lekárnické listy
|g Č. 7 (2003), s. 5
|x 1335-5821
|
| 850 |
|
|
|a Slovenská národná knižnica
|
| 852 |
|
|
|a Slovenská národná knižnica
|
| 954 |
|
|
|a odborná, vedecká literatúra pôvodná (slovenská)
|2 lita
|
| 958 |
|
|
|a article27
|
| 958 |
|
|
|a OND
|
| 958 |
|
|
|a MI
|
| 958 |
|
|
|a EUIPO
|
| 992 |
|
|
|a RBX
|
| 999 |
|
|
|c 2895340
|d 2897270
|